000 00735cab a2200253 4500
001 ABS54479
008 090401t1996 xxu||||| |||| 00| 0 eng d
035 _a(Sirsi) u10668
041 _aeng
100 _aBeauford, W.
245 _aCondensation and mould growth
260 _c1996
350 _a0
490 _aFaculty of Building Journal
_vFebruary 1996, 24-26(3)
520 _aOutlines the conditions in which condensation and subsequent mould growth occur. Recommends simple remedies to alleviate the problem.
650 _aCONDENSATION
650 _aDAMPNESS
650 _aMOISTURE
650 _aMOULD
650 _aREMEDIES
690 _aBUILT ENVIRONMENT-BUILDING PATHOLOGY
942 _n0
948 _c04/03/1997
999 _c6765
_d6765